000 00297nam a22001337a 4500
008 170824b xxu||||| |||| 00| 0 eng d
020 _a2900321557123
041 _aeng
080 _28TH
_a51
100 _a38
101 _aMAT
245 _aBASIC COLLEGE MATHEMATICS
_cLIAL,M.L
942 _2udc
_cBK
999 _c24907
_d24907